书目信息 |
| 题名: |
开关电容网络
|
|
| 作者: | 李兰友 编著 | |
| 分册: | ||
| 出版信息: | 北京 电子工业出版社 1985 |
|
| 页数: | 327页 | |
| 开本: | 20cm | |
| 丛书名: | ||
| 单 册: | ||
| 中图分类: | TN711.1 , TN43 | |
| 科图分类: | ||
| 主题词: | 开关--电路理论 , 半导体集成电路 | |
| 电子资源: | ||
| ISBN: | ||
| 000 | 00684nam0 2200265 45 | |
| 001 | 0185020546 | |
| 005 | 20040519153311.5 | |
| 010 | @dCNY3.10 | |
| 091 | @a15290.92 | |
| 100 | @a19900921d1985 em y0chiy0121 ea | |
| 101 | 0 | @achi |
| 102 | @aCN@b110000 | |
| 105 | @aa z 000yy | |
| 106 | @ar | |
| 200 | 10 | @a开关电容网络@Akai guan dian rong wang luo@f李兰友编著 |
| 210 | @a北京@c电子工业出版社@d1985 | |
| 215 | @a327页@d20cm | |
| 606 | @a开关@x电路理论 | |
| 606 | 0 | @a半导体集成电路 |
| 690 | @aTN711.1@v3 | |
| 690 | @aTN43 | |
| 701 | 0 | @a李兰友@Ali lan you@4编著 |
| 801 | 0 | @aCN@b深圳图书馆@c20040519 |
| 801 | 2 | @aCN@bNLC@c20040519 |
| 905 | @f2@b155134-135@dTN43@e52 | |
| 开关电容网络/李兰友编著.-北京:电子工业出版社,1985 |
| 327页;20cm |
| ISBN :CNY3.10 |
| ● |
| 相关链接 |
|
|
|
|
正题名:开关电容网络
索取号:TN43/52
 
预约/预借
| 序号 | 登录号 | 条形码 | 馆藏地/架位号 | 状态 | 备注 |
| 1 | 0155134 | 001353920 | 密集书库/ [索取号:TN43/52] | 在馆 | |
| 2 | 0155135 | 001353886 | 第三借阅区/ [索取号:TN43/52] | 在馆 | |
| 3 | 0155136 | 202106103 | 第二样本阅览室/ [索取号:TN43/52] | 在馆 |